00455 2200169 4500001002100000008004100021035002000062245007100082100001900153260002400172300002000196020002200216084001400238082000800252650001000260990001500270INLIS000000000003239 ind  a0010-1225000060 aThe Lost Library (Misteri Perpustakaan yang Hilang)cRebecca Stead aStead, Rebecca aJakarta :bGramedia a240c13,5x20 cm a978-602-06-7880-1 a813 STE t a813 aFiksi a19714/B/26